Spanische verslehre auf Historicher grundlage
Saved in:
| Main Author: | |
|---|---|
| Format: | Book |
| Language: | Undetermined |
| Published: |
Tübingen, Alemania
Marx Niemeyer Verlag
1962
|
| Subjects: | |
| Tags: |
Add Tag
No Tags, Be the first to tag this record!
|
MARC
| LEADER | 00000nam a2200000Ia 4500 | ||
|---|---|---|---|
| 008 | 170316s9999 xx 000 0 und d | ||
| 040 | |a cru BVZT | ||
| 090 | |a 830 B-1s | ||
| 100 | |a Baehr, Rudolf | ||
| 245 | |a Spanische verslehre auf Historicher grundlage |c Rudolf Baehr | ||
| 260 | |a Tübingen, Alemania | ||
| 260 | |b Marx Niemeyer Verlag | ||
| 260 | |c 1962 | ||
| 300 | |a 325 páginas | ||
| 630 | |l Alemán | ||
| 650 | 0 | |a LITERATURA ALEMANA |9 192 | |
| 999 | |c 7292 |d 7292 | ||
| 942 | |c LIB |h 830 B-1s |2 z | ||
